Largest UK Towns without City Status - Statistics

General Stats
  • This quiz has been taken 984 times
  • The average score is 6 of 15
Answer Stats
Hint Answer % Correct
220,000 Reading
67%
145,000 Ipswich
49%
215,000 Northampton
47%
174,500 Middlesbrough
45%
147,500 Blackpool
44%
187,500 Bournemouth
44%
210,000 Luton
44%
163,000 Huddersfield
42%
182,500 Swindon
40%
195,000 Bolton
39%
170,000 Milton Keynes
38%
155,500 Slough
28%
175,000 Southend
28%
165,000 Warrington
22%
154,500 Poole
19%
No matching quizzes found
Score Distribution
Percent of People with Each Score
Percentile by Number Answered
Your Score History
You have not taken this quiz